Normal view
MARC view
- Haque, Md. Ohidul
Entry Personal Name
001 - CONTROL NUMBER
- control field: 23265
003 - CONTROL NUMBER IDENTIFIER
- control field: NUST
005 - DATE AND TIME OF LATEST TRANSACTION
- control field: 20191008141751.0
008 - FIXED-LENGTH DATA ELEMENTS
- fixed length control field: 191008|| aca||aabn | a|a d
040 ## - CATALOGING SOURCE
- Original cataloging agency: NUST
- Transcribing agency: NUST
100 ## - HEADING--PERSONAL NAME
- Personal name: Haque, Md. Ohidul
- Fuller form of name: (Mohammed Ohidul)
670 ## - SOURCE DATA FOUND
- Source citation: Work cat.: (NUST)0: Haque, Md. Ohidul (Mohammed Ohidul), Road safety :, ©2009.
